Hospodárska kríza a mimovládne neziskové organizácie

Globálna hospodárska kríza, ktorá spôsobuje finančné ťažkosti vo viacerých odvetviach hospodárstva zasiahla aj mimovládne neziskové organizácie na Slovensku. Mimovládny neziskový sektor ( MNS), ktorý je tvorený širokým spektrom rôznorodých organizácií, tvorí dôležitú súčasť štátnej a súkromnej sféry...

Ausführliche Beschreibung

Gespeichert in:
Bibliographische Detailangaben
1. Verfasser: Holúbková, Terézia
Format: Buchkapitel
Sprache:Slowakisch
Schlagworte:
Tags: Tag hinzufügen
Keine Tags, Fügen Sie das erste Tag hinzu!

MARC

LEADER 00000nla$a2200000$$$4500
001 0122713
005 20220722095131.4
041 0 |a slo 
044 |a SK 
245 1 0 |a Hospodárska kríza a mimovládne neziskové organizácie  |c Terézia Holúbková 
520 |a Globálna hospodárska kríza, ktorá spôsobuje finančné ťažkosti vo viacerých odvetviach hospodárstva zasiahla aj mimovládne neziskové organizácie na Slovensku. Mimovládny neziskový sektor ( MNS), ktorý je tvorený širokým spektrom rôznorodých organizácií, tvorí dôležitú súčasť štátnej a súkromnej sféry. Problémy súvisiace s hospodárskou krízou a recesiou ekonomiky odhaľujú dlhodobý problém finančnej nestability MNS na Slovensku. 
610 2 0 |a kríza hospodárska 
610 2 0 |a Slovensko 
610 2 0 |a organizácie nefinančné 
610 2 0 |a organizácie nevládne 
610 2 0 |a organizácie neziskové 
100 1 |a Holúbková, Terézia